| 000 | 00874 a2200205 4500 | ||
|---|---|---|---|
| 999 |
_c5982 _d5982 |
||
| 020 | _a0415102545 | ||
| 050 | 0 | 0 | _aT107 TEA 1994 |
| 100 |
_aBanks, Frank _eauthor |
||
| 245 | 0 | 0 |
_aTeaching technology / _cedited by Frank Banks. |
| 264 |
_aLondon : _bRoutledge, _c1994. |
||
| 300 |
_avii, 253 p. : _bill. ; |
||
| 500 | _a"The Open University postgraduate certificate of education"--P. preceding t.p. | ||
| 504 | _aIncludes bibliographical references and index. | ||
| 650 | 0 |
_aTechnology _xStudy and teaching |
|
| 700 | 1 |
_aBanks, Frank, _d1953- _eeditor |
|
| 710 | 2 | _aOpen University. | |
| 856 | 4 | 2 |
_3Publisher description _uhttp://www.loc.gov/catdir/enhancements/fy0648/93017206-d.html |
| 942 |
_2lcc _cBK _h107 _iTEA _kT |
||